000 00847nam a2200253Ia 4500
003 OSt
005 20220923211451.0
006 a|||||r|||| 00| 0
007 ta
008 Pun
020 _a9789350687291 (hbk)
_c250
024 _a290,284
037 _b1001, 31/12/2015, H.K. Prakashan
_cTextual
040 _aARTS
_cARTS
_bPun
041 _2Pun
_aPun
082 _aQ8441xK70, 153Q4
100 _aਬਾਗੀ, ਬਲਜੀਤ ਸਿੰਘ
_9156315
245 0 _aਬਾਬਾ ਬੰਦਾ ਸਿੰਘ ਬਹਾਦਰ
_b ਜੀਵਨ ਤੇ F॥ਸੀਅਤ
260 _aਚੰਡੀਗੜ
_b ਲੋਕਗੀਤ
_c2014
300 _a198ਪੰ
_ccm.
650 _aਧਰਮ
942 _hQ8441xK70, 153Q4
_cTEXL
_2CC
999 _c299802
_d299802